| 000 | 00481cam a22001934a 4500 | ||
|---|---|---|---|
| 005 | 20250605164154.0 | ||
| 008 | 250528s ||||||||||||||||||||||||d | ||
| 035 | _a19521 | ||
| 020 | _a9603510319 | ||
| 040 |
_aGR-AtMCL _bgre _dGR-AtMCL _eAACR2 |
||
| 245 | 1 | _aΑΓΡΟΤΙΚΟ ΜΑΡΚΕΤΙΝΓΚ | |
| 250 | _a1 | ||
| 260 |
_bΑ.Σταμουλης, _c1995 |
||
| 300 | _a163 | ||
| 700 | 1 |
_aΓαλανης Β.Π _95757 |
|
| 942 | _cBK | ||
| 999 |
_c4777 _d4777 |
||